| 000 | 00405nam a2200133Ia 4500 | ||
|---|---|---|---|
| 008 | 231129s2004||||xx |||||||||||||| ||spa|| | ||
| 040 | _bspa | ||
| 082 | _a342.861 Z94c | ||
| 100 | _aZuleta Cano José Abad | ||
| 245 | 0 | _aConstitución política colombiana de 1991 confrontada con la de 1886 actualizadas y concordadas | |
| 260 | _c2004 | ||
| 264 | _aLibrería Jurídica Sánchez | ||
| 942 |
_2ddc _cBKS |
||
| 999 |
_c7958 _d7958 |
||